Crack the Code, Quickly V Quiz Stats

 Plays Quiz not verified by Sporcle

Score 0/15 Timer 02:00
0 Plays Today
% Correct
Audi
86.4%
Ferrari
79.5%
Mitsubishi
68.2%
Jaguar
68.2%
Subaru
65.9%
Disney
59.1%
Woolf
56.8%
Dickens
56.8%
% Correct
Austen
54.5%
Twain
52.3%
Fox
52.3%
Hemingway
45.5%
Dreamworks
45.5%
Universal
38.6%
Paramount
31.8%

You're not logged in!

Compare scores with friends on all Sporcle quizzes.
OR
Log In

Sporcle TV

Today on Sporcle TV


Watch our educational content, quiz creation guides, and fun videos on Sporcle TV.

Show Comments

Extras

Created Sep 9, 2017ReportNominate
Tags:code, crack, limit, simple

Top Quizzes Today


Score Distribution

Your Account Isn't Verified!

In order to create a playlist on Sporcle, you need to verify the email address you used during registration. Go to your Sporcle Settings to finish the process.

Report this User

Report this user for behavior that violates our Community Guidelines.

Details: